000 00697nam a2200181Ia 4500
008 151202s9999||||xx |||||||||||||| ||und||
082 _bPNVM-15
100 _aपडोळे ल. वा. संपा.
245 _aमराठी ग्रंथालयाचा इतिहास.
260 _b"ल.वा. पडोळे, नागपूर."
260 _c0
300 _a275
600 _aपडोळे ल. वा. संपा.
630 _aमराठी ग्रंथालयाचा इतिहास.
700 _aपडोळे ल. वा. संपा.
730 _aमराठी ग्रंथालयाचा इतिहास.
942 _cBOOK
999 _c1266013
_d1266010